000 00836nam a22002657a 4500
001 7739
003 FISKH
005 20250801150928.0
008 250801b cb ||||| |||| 00| 0 eng d
040 _aFISKH
_beng
_cFISKH
_dFISKH
050 _aPZ7.M739 M
082 _a371.9
100 _aMoncure, Jane Belk
245 _aMy "g" book /
_cby Jane Belk Moncure ; illustrated by Linda Hohag
260 _aIllinois :
_bThe child world,
_c1984.
300 _a31 pages :
_bcolor illustrations ;
_c20 x 24 cm
490 _aMy First Steps to Reading
505 _aE
520 _aLittle g goes into the garden and finds many things that begin with hard "g" to put in her box.
521 8 _a160
_bLexile estimate
521 8 _aE
_bRaz-Plus
650 _aAlphabet
_vPhonics
_xSight Word
942 _2ddc
_cBK
_n0
999 _c7739
_d7739